【E5/A】道央道/札樽道と交差する鉄道路線 - Statistics

General Stats
  • This quiz has been taken 82 times
  • The average score is 9 of 11
Answer Stats
路線 交差区間 % Correct
JR函館本線 二股〜長万部白石〜厚別
97%
JR函館本線 大麻〜野幌納内〜近文
97%
JR函館本線 南小樽〜小樽築港発寒〜発寒中央
97%
JR千歳線 白石〜平和
91%
JR室蘭本線 岩見沢〜志文
88%
JR宗谷本線 和寒〜塩狩〜蘭留
83%
JR札沼線(学園都市線) 新川〜新琴似
83%
札幌市営東西線 南郷18丁目〜大谷地
81%
札幌市営南北線 麻生〜北34条
78%
札幌市営東豊線 新道東
75%
JR根室本線 滝川〜東滝川
73%
No matching quizzes found
Score Distribution
Percent of People with Each Score
Percentile by Number Answered
Your Score History
You have not taken this quiz